| 000 | 01098cam a2200265 a 4500 | ||
|---|---|---|---|
| 005 | 20160210150242.0 | ||
| 008 | 940808s1995 enka b 001 0 eng d | ||
| 015 | _aGB94-94426 | ||
| 020 |
_a041248370X (pbk) : _c16.99 : Formerly CIP |
||
| 040 |
_aUk _cUk _dUkNcU _dNNBG _dCSdNU _dDNAL _dDLC _dCO-BoIAVH |
||
| 041 | _aeng | ||
| 082 | 0 | 0 |
_a306.65 _bM37e |
| 100 | 1 | _aMartin, Gary J. | |
| 245 | 1 | 0 |
_aEthnobotany : _ba methods manual / _cGary. J. Martin. |
| 250 | _a1st ed. | ||
| 260 |
_aLondon ; _aNew York : _bChapman & Hall, _c1995. |
||
| 300 |
_axxiv, 268 p. : _bill. ; _c24 cm. |
||
| 504 | _aIncludes bibliographical references (p. 253-261) and index. | ||
| 505 | 1 | _aData collection and hypothesis testing -- Botany -- Ethnopharmacology and related fields -- Anthropology -- Ecology -- Economics -- Linguistics -- Ethnobotany, conservation, and community development. | |
| 650 | 0 |
_aEthnobotany _xMethodology. |
|
| 650 | 0 |
_aEtnobotanica _vMetodología. |
|
| 650 | 0 |
_aEtnobotanica _xMetodología. |
|
| 650 | 0 |
_aEthopharmacology _vMethodology. |
|
| 942 |
_2ddc _cLIBRO |
||
| 999 |
_c4374 _d4374 |
||